| 000 | 01739nam a2200445Ii 4500 | ||
|---|---|---|---|
| 001 | DIGPUVAL0415 | ||
| 003 | NyNyDIG | ||
| 008 | 161201t20122012sp ob 001 0 spa d | ||
| 006 | m o d | ||
| 007 | cr ||||||||||| | ||
| 035 | _a(OCoLC)992057117 | ||
| 040 |
_aDGITA _beng _erda _epn _cDGITA |
||
| 020 |
_a9788437089409 _q(eBook ; _qpdf ; _qePub) |
||
| 020 |
_a8437089409 _q(eBook ; _qpdf ; _qePub) |
||
| 020 | _z9788437087740 | ||
| 020 | _z8437087740 | ||
| 050 | 1 | 4 | _aB81 eBook |
| 100 | 1 |
_aBascompte, Jordi, _d1967- _eauthor. |
|
| 245 | 1 | 0 |
_aEvolución y complejidad / _cJordi Bascompte, Bartolo Luque. |
| 250 | _aEdición digital. | ||
| 264 | 1 |
_aValencia : _bPublicacions de la Universitat de València : _bCátedra de Divulgació de la Ciència, _c2012. |
|
| 264 | 4 | _c©2012 | |
| 300 | _a1 online resource (196 pages) | ||
| 336 |
_atext _btxt _2rdacontent |
||
| 337 |
_acomputer _bc _2rdamedia |
||
| 338 |
_aonline resource _bcr _2rdacarrier |
||
| 490 | 1 | _aSin fronteras | |
| 504 | _aIncludes bibliographical references and index. | ||
| 588 | 0 | _aOnline resource; title from PDF title page (Digitalia, viewed December 1, 2016) | |
| 650 | 0 | _aEvolution (Biology) | |
| 655 | 0 | _aElectronic books. | |
| 700 | 1 |
_aLuque Serrano, Bartolomé, _d1966- _eauthor. |
|
| 791 | 2 |
_aDigitalia (Firm), _edistributor. |
|
| 793 | 0 |
_gDigitalia eBook Collection: _aUniversitat de València. |
|
| 776 | 0 | 8 |
_iPrint version: _aBascompte, Jordi. _tEvolución y complejidad. _dValencia : Publicacions de la Universitat de València, 2012. _z9788437087740 |
| 830 | 0 | _aSin fronteras (Valencia, Spain). | |
| 856 | 4 | 0 |
_3Digitalia Hispánica _uhttps://www.digitaliapublishing.com/a/34972/ |
| 910 | _aPremium Collection: 2016 | ||
| 942 | _cRAA | ||
| 999 |
_c242744 _d242744 |
||